Quiz photos footballeurs - Statistiques

Statistiques générales
  • Ce quiz a été pris 85 fois
  • Le résultat moyen est 8 sur 20
Statistiques - réponses
Par images Hint Réponse % Correct
Français Maxence Caqueret
92%
Ecossais Andrew Robertson
86%
Français Jean-Clair Todibo
84%
Japonais Hiroki Sakai
81%
Néerlandais Mitchell Bakker
77%
Italien Federico Dimarco
73%
Portugais Trincao
50%
Slovène Kevin Kampl
39%
Macédonien Goran Pandev
38%
Portugais Palhinha
35%
Allemand Sven Bender
28%
Croate Mislav Orsic
26%
Espagnol Oscar De Marcos
18%
Espagnol Ander Barrenetxea
9%
Brésilein Abner
8%
Suédois Hugo Larsson
8%
Macédonien Ezgjan Alioski
7%
Allemand Jan-Niklas Beste
4%
Allemand Robin Knoche
4%
Espagnol Raul Moro
3%
Aucun quiz correspondant
Distribution des résultats
% des personnes avec chaque résultat
Percentile par nombre de réponses
Votre historique - résultats
Vous n’avez pas pris ce quiz